In Charga:Suppervising for the first time

Bibliographic Details
Main Author: Rabey, Gordon
Format: Book
Published: London : Pitman Publishing , 1994
Subjects:

MARC

LEADER 00000cam a2200000 7i4500
001 0000008803
002 000009600
005 .0
020 |a 0273604260 
090 0 0 |a 658.302   |b RAB 
100 0 |a Rabey, Gordon 
245 1 0 |a In Charga:Suppervising for the first time 
260 |a London :   |b Pitman Publishing ,   |c 1994 
300 |a 199p. :   |b ill ;   |c 23cm. 
650 0 0 |a Supervision of employees 
999 |a 047967   |b BUKU   |c PINJAMAN   |e PERPUSTAKAAN KOMUNITI PETALING JAYA